Normal view MARC view
  • Murari, Timeri N

Entry Personal Name

Number of records used in: 2

001 - CONTROL NUMBER

  • control field: 9779

003 - CONTROL NUMBER IDENTIFIER

  • control field: NUST

005 - DATE AND TIME OF LATEST TRANSACTION

  • control field: 20180124152949.0

008 - FIXED-LENGTH DATA ELEMENTS

  • fixed length control field: 180124|| aca||aabn | a|a d

040 ## - CATALOGING SOURCE

  • Original cataloging agency: NUST
  • Transcribing agency: NUST

100 ## - HEADING--PERSONAL NAME

  • Personal name: Murari, Timeri N

670 ## - SOURCE DATA FOUND

  • Source citation: Work cat.: (NUST)324220: Murari, Timeri N, taliban cricket club; a novel, 2012
© 2023 Central Library, National University of Sciences and Technology. All Rights Reserved.